Principios jurd̕icos en la definicin̤ del derecho Principios del derecho III /

Detalles Bibliográficos
Autor principal: Fuertes-Planas Aleix, Cristina
Otros Autores: Sǹchez de la Torre, ℓngel
Formato: eBook
Lenguaje:español
Publicado: Madrid: Dykinson, 2016
Materias:
Acceso en línea:Acceso restringido

MARC

LEADER 00000nam a22000007a 4500
005 20170310000246.0
007 cr|||| ||||
008 170310s2016 es |||||s|||| 00||0 spa d
020 |a 978-84-9148-014-3 
035 |a 14799 
040 |a vLex 
090 |c 6597  |d 6597 
100 1 |a Fuertes-Planas Aleix, Cristina 
245 1 0 |a Principios jurd̕icos en la definicin̤ del derecho  |h [Recurso electrn̤ico] :  |b Principios del derecho III /  |c Cristina Fuertes-Planas Aleix, ℓngel Sǹchez de la Torre 
256 |a Servicio en ln̕ea 
260 |a Madrid:  |b Dykinson,  |c 2016 
300 |a 1 recurso electrn̤ico 
500 |a El ordenamiento jurd̕ico es parte de la regulacin̤ normativa de la convivencia. Se articula dentro de la cultura como Subsistema que atiende a la estabilidad y al progreso de la Sociedad, definiendo unas conductas cono lc̕itas y otras como ilc̕itas y asegurǹdolas consecuencias diversas en cada supuesto. El objetivo del conocimiento jurd̕ico es asegurar la satisfaccin̤ de las necesidades colectivas, ordenando y sancionando libertades y responsabilidades personales, en el seno de las Instituciones organizadas a tales fines. La definicin̤ del Derecho tiene que mirar a dos dimensiones, la dimensin̤ “genřica” en cuanto Subsistema Cultural; y la dimensin̤ “especf̕ica” en cuanto Competencia Reguladora que imponga tčnicas para compensar el esfuerzo, el mřito, y la seguridad de cada uno, dentro de la solidaridad comn︢ de esfuerzos, mřitos y solidaridades de toda n̕dole… 
506 1 |a Disponible solo en los productos indicados  |d vLex Global  |d vLex Global (Academic Edition, excluding Law Schools)  |d vLex Global (U.S. Academic Edition, Law Schools)  |d vLex Global (U.S. Academic Edition, excluding Law Schools)  |d vLex Global (Academic Edition, Law Schools) 
650 0 4 |a Derecho Civil  |z Espaą 
650 0 4 |a Ciencias sociales  |z Espaą 
650 0 4 |a Filosofa̕ y religin̤  |z Espaą 
700 1 |a Sǹchez de la Torre, ℓngel 
740 0 |a vLex Libros (Servicio en ln̕ea) 
856 4 0 |u http://vlex.com/source/principios-juridicos-en-la-definicion-del-derecho-principios-del-derecho-iii-14799  |z Acceso restringido 
942 |c BOOK 
999 0 |a Civil Law 
999 0 |a Social sciences 
999 0 |a Philosophy and religion